Racionalidad e irracionalidad en economía / (Registro nro. 5691)

Detalles MARC
000 -LEADER
fixed length control field 01055nam a2200289Ia 4500
003 - CONTROL NUMBER IDENTIFIER
control field OSt
005 - DATE AND TIME OF LATEST TRANSACTION
control field 20200609193944.0
008 - FIXED-LENGTH DATA ELEMENTS--GENERAL INFORMATION
fixed length control field 191128s1979 mx gr 000 0 spa d
020 ## - INTERNATIONAL STANDARD BOOK NUMBER
International Standard Book Number 9682302013
040 ## - CATALOGING SOURCE
Original cataloging agency CO-JMCR
Transcribing agency CO-JMCR
041 1# - LANGUAGE CODE
Language code of text/sound track or separate title spa
Language code of original fr
082 04 - DEWEY DECIMAL CLASSIFICATION NUMBER
Classification number 330.122 /
Item number G579r
Edition number 23
100 1# - MAIN ENTRY--PERSONAL NAME
Personal name Godelier, Maurice,
Relator term autor
9 (RLIN) 4988
245 10 - TITLE STATEMENT
Title Racionalidad e irracionalidad en economía /
Statement of responsibility, etc. Maurice Godelier ; traducción de Nicole Blanc
250 ## - EDITION STATEMENT
Edition statement Novena edición
260 ## - PUBLICATION, DISTRIBUTION, ETC.
Place of publication, distribution, etc. México :
Name of publisher, distributor, etc. Siglo veintiuno,
Date of publication, distribution, etc. 1979.
300 ## - PHYSICAL DESCRIPTION
Extent vii, 313 páginas ;
Dimensions 20 cm.
490 0# - SERIES STATEMENT
Series statement Teoría
505 ## - FORMATTED CONTENTS NOTE
Formatted contents note El tema -- Racionalidad de la teoría económica -- Racionalidad de los sitemas económicos
534 ## - ORIGINAL VERSION NOTE
Introductory phrase Rationalité et irrationalité en économie
546 ## - LANGUAGE NOTE
Language note Traducción en francés
650 14 - SUBJECT ADDED ENTRY--TOPICAL TERM
Topical term or geographic name entry element Capitalismo
General subdivision Teoría económica
9 (RLIN) 5324
650 24 - SUBJECT ADDED ENTRY--TOPICAL TERM
Topical term or geographic name entry element Sistemas económicos
General subdivision Política económica
9 (RLIN) 5325
650 24 - SUBJECT ADDED ENTRY--TOPICAL TERM
Topical term or geographic name entry element Sistemas económicos
General subdivision comparados Marxismo
9 (RLIN) 5326
700 1# - ADDED ENTRY--PERSONAL NAME
Personal name Blanc, Nicole,
Relator term traducción
9 (RLIN) 4991
942 ## - ADDED ENTRY ELEMENTS (KOHA)
Source of classification or shelving scheme Dewey Decimal Classification
Koha item type Books
Existencias
Withdrawn status Lost status Source of classification or shelving scheme Materials specified (bound volume or other part) Damaged status Not for loan Home library Current library Shelving location Date acquired Source of acquisition Cost, normal purchase price Total Checkouts Full call number Barcode Date last seen Copy number Price effective from Koha item type
    Dewey Decimal Classification Donación--13/04/2018--     Biblioteca Pública José María del Castillo y Rada Biblioteca Pública José María del Castillo y Rada General Stacks 11/28/2019 Donación 0.00   330.122 / G579r 430003906 05/16/2024 Ej.1 11/28/2019 Books